| 000 | 00600nam a22002057a 4500 | ||
|---|---|---|---|
| 005 | 20251108164807.0 | ||
| 008 | 250721s1994 xx 000 0 ara d | ||
| 082 | 1 | 4 | _a370.956/عبد |
| 100 | 1 | _aعبود، عبد الغني | |
| 245 | 1 | 0 | _aفي التربية الإسلامية / |
| 250 | _aط3. | ||
| 264 | 1 |
_aالقاهرة : _bدار الفكر العربي، _c1994. |
|
| 300 | _aج | ||
| 650 | 1 | 7 | _aالتربية الإسلامية |
| 650 | 1 | 7 | _aالتربية |
| 650 | 1 | 7 | _aالبلدان العربية |
| 650 | 1 | 7 | _aتاريخ التربية |
| 942 |
_2ddc _cBK |
||
| 999 |
_c14519 _d14519 |
||